Catch a Dinosaur! and other prehistoric beasts / (Record no. 4079)

MARC details
000 -LEADER
fixed length control field 01131nam a22002537a 4500
001 - CONTROL NUMBER
control field 4079
003 - CONTROL NUMBER IDENTIFIER
control field FISKH
005 - DATE AND TIME OF LATEST TRANSACTION
control field 20240605152733.0
008 - FIXED-LENGTH DATA ELEMENTS--GENERAL INFORMATION
fixed length control field 240605b cb ||||| |||| 00| 0 eng d
020 ## - INTERNATIONAL STANDARD BOOK NUMBER
International Standard Book Number 9781907083556
040 ## - CATALOGING SOURCE
Original cataloging agency FISKH
Language of cataloging eng
Transcribing agency FISKH
Modifying agency FISKH
050 ## - LIBRARY OF CONGRESS CALL NUMBER
Classification number PZ7
082 ## - DEWEY DECIMAL CLASSIFICATION NUMBER
Classification number 567.9
100 ## - MAIN ENTRY--PERSONAL NAME
Personal name Hayes, Susan
245 ## - TITLE STATEMENT
Title Catch a Dinosaur! and other prehistoric beasts /
Statement of responsibility, etc. Susan Hayes
260 ## - PUBLICATION, DISTRIBUTION, ETC.
Place of publication, distribution, etc. New York :
Name of publisher, distributor, etc. Scholastic,
Date of publication, distribution, etc. 2018
300 ## - PHYSICAL DESCRIPTION
Extent 48 pages ;
Other physical details color illustrations ;
Dimensions 28 cm
505 ## - FORMATTED CONTENTS NOTE
Formatted contents note R<br/>
520 ## - SUMMARY, ETC.
Summary, etc. Uh-oh. Someone left the door open. Yup: that door. The one that leads to another dimension, where time is all mixed up. And before anyone noticed, a vicious horde of prehistoric critters raced through. Now the biggest, hungriest, scariest monsters that ever existed are living in this book! Oh-- and it's your job to catch them! So study the clues, step into a habitat, turn off the lights and get ready for action. You see, these beasts can?t hide in the dark. They glow?
521 8# - TARGET AUDIENCE NOTE
Target audience note 750<br/>
Source Lexile <br/>
521 8# - TARGET AUDIENCE NOTE
Target audience note R<br/>
Source Raz-Plus<br/>
650 ## - SUBJECT ADDED ENTRY--TOPICAL TERM
Topical term or geographic name entry element Dinosaurs
942 ## - ADDED ENTRY ELEMENTS (KOHA)
Source of classification or shelving scheme Dewey Decimal Classification
Koha item type Books
Suppress in OPAC No
Holdings
Withdrawn status Lost status Source of classification or shelving scheme Damaged status Not for loan Collection Home library Current library Shelving location Date acquired Total Checkouts Full call number Barcode Date due Date last seen Date last checked out Price effective from Koha item type
    Dewey Decimal Classification     Non-Fiction Footprints International School Library Network Toul Kork Campus Footprints International School Library Network Toul Kork Campus TK Primary Library Room(4th Floor), Bookcase 5&6, Shelves 33-56, Orange Books 06/05/2024 4 HAY 567.9 PZ7 FISBK073150 05/07/2026 04/23/2026 04/23/2026 06/05/2024 Books